000 00347nam a2200157Ia 4500
003 0STCL
008 150530s9999 xx 000 0 und d
040 _aSTCL
_cSTCL
100 _aStevens
245 _aCollected poems of Wallace Stevens
260 _c1974
546 _aEnglish
942 _2ddc
_cBK
999 _c67125
_d67125
005 20220125171338.0